000 00708pam a2200253 a 4500
001 3314888
003 NUST - PNEC
005 20170116181042.0
008 840910s1985 nyua b 001 0 eng
010 _a 84021316
020 _a0070353999 :
040 _cLIBRARY
050 0 0 _aTJ211
_b.K66 1985
082 0 0 _a629.892 KOR
100 1 _aKoren, Yoram.
245 1 0 _aRobotics for engineers /
_cby Yoram Koren.
260 _aNew York :
_bMcGraw-Hill,
_cc1985.
300 _axvii, 347 p. :
_bill. ;
_c24 cm.
504 _aIncludes bibliographies and index.
650 0 _aRobotics.
650 0 _aRobots, Industrial.
_xME, EL
906 _a7
_bcbc
_corignew
_d1
_eocip
_f19
_gy-gencatlg
942 _2ddc
_cBK
999 _c68130
_d68130